000 00892nmc a2200301 a 4500
003 AR-BaBNM
005 20251128205509.0
008 011101s1993 ||||||||||||||000 | spa||
020 _a84-7827-034-5
040 _cAR-BaBNM
100 1 _aTonucci, Francesco
245 1 0 _a¿Enseñar o aprender ?
_bla escuela como investigación quince años después
250 _a2ª ed.
260 _aBarcelona
_bGraó
_c1993
300 0 _a64 p.
_bdiagr., il.
490 0 _aBiblioteca del maestro. Alternativas
_vv. 10
650 4 _aORGANIZACION DE LA EDUCACION
650 4 _aROL DEL DOCENTE
650 4 _aEVALUACION DEL ALUMNO
650 4 _aORGANIZACION ESCOLAR
650 4 _aORGANIZACION ADMINISTRATIVA
650 4 _aACTIVIDADES DE APRENDIZAJE
651 4 _aItalia
653 0 _aPROCESO DE ENSENANZA-APRENDIZAJE
653 0 _aINVESTIGACION EDUCATIVA
942 _cBK
998 _csilvi
999 _c11633
_d11633